[Event "DRUZYNOWE MISTRZOSTWA POLSKI 2014 - SYGNITY EKSTRALIGA"]
[Site "Gorzow Wlkp, Wroclaw, Katowice"]
[Date "2014-00-00"]
[Round "9.1"]
[White "Kolosowski, Mateusz"]
[Black "Kempinski, Robert"]
[Result "1/2-1/2"]
[WhiteTitle "IM"]
[BlackTitle "GM"]
[WhiteElo "2471"]
[BlackElo "2620"]

1. d4 Nf6 2. c4 g6 3. g3 d5 4. cxd5 Nxd5 5. Bg2 Bg7 6. Nf3 Nb6 7. Nc3 Nc6 8. e3
O-O 9. O-O Re8 10. Re1 a5 11. Qe2 a4 12. Rd1 Ra5 13. Ne1 Bf5 14. Bd2 Qc8 15. Rac1
Bg4 16. f3 Be6 17. f4 Bg4 18. Nf3 Rd8 19. Be1 h6 20. Nb5 Ra8 21. Bf2 Ra5 22. e4
e6 23. h3 Bxf3 24. Bxf3 Na8 25. d5 exd5 26. exd5 Nb8 27. Nxc7 Nxc7 28. Bb6 Ra6
29. Bg4 Nd7 30. Bxc7 Re8 31. Qb5 f5 32. Ba5 Bd4+ 33. Kg2 Bc5 34. Bf3 b6 35. Bc3
Ra7 36. d6 Kh7 37. Qc4 Nf8 38. Be5 g5 39. Qd5 Qd7 40. Re1 gxf4 41. Bh5 Ng6 42.
Bxg6+ Kxg6 43. Bxf4 Raa8 44. h4 h5 45. Be5 Qf7 46. Qd2 Kh7 47. Rcd1 Rad8 48. Bf4
Rd7 49. Rxe8 Qxe8 50. Kh3 Qg6 51. Kh2 Qe6 52. Qd3 Kg6 53. b3 axb3 54. axb3 Kf7
55. Rd2 Qe4 56. Qb5 Rd8 57. Re2 Qd4 58. Re7+ Kg6 59. Re6+ Kf7 60. Re7+ Kg6 61.
Qe2 Qg1+ 62. Kh3 Qh1+ 63. Qh2 Qd1 64. Re6+ Kf7 65. Re7+ Kg6 66. Re6+ Kf7 67. Re7+
1/2-1/2

[Event "DRUZYNOWE MISTRZOSTWA POLSKI 2014 - SYGNITY EKSTRALIGA"]
[Site "Gorzow Wlkp, Wroclaw, Katowice"]
[Date "2014-00-00"]
[Round "9.2"]
[White "Markowski, Tomasz"]
[Black "Kolago, Marcin"]
[Result "1-0"]
[WhiteTitle "GM"]
[BlackTitle "m"]
[WhiteElo "2575"]
[BlackElo "2338"]

1. d4 Nf6 2. Nf3 g6 3. e3 Bg7 4. Be2 d6 5. O-O O-O 6. c4 Nbd7 7. Nc3 e5 8. b4 Re8
9. a4 e4 10. Nd2 Nf8 11. b5 h5 12. a5 a6 13. bxa6 bxa6 14. Ba3 N8h7 15. Rb1 Bf5
16. Rb7 Bc8 17. Rb2 Bf5 18. Qa4 Bd7 19. Qc2 Bf5 20. Rfb1 Qe7 21. Rb7 Ng5 22. Qa4
Rec8 23. Qc6 Qd8 24. Qa4 c5 25. dxc5 dxc5 26. Rd1 Bd7 27. Qc2 Qxa5 28. Bb2 Rab8
29. Rb3 Rb4 30. Ra1 Qb6 31. Ba3 Rxb3 32. Nxb3 Ne6 33. Rb1 Qc6 34. Nd2 Qa8 35.
Ndxe4 Nxe4 36. Nxe4 Bc6 37. Bf3 f5 38. Nd2 Bxf3 39. Nxf3 Rb8 40. h3 Rxb1+ 41.
Qxb1 Qd8 42. Kf1 Qa5 43. Qb8+ Kf7 44. Qb7+ Ke8 45. Qc6+ Ke7 46. Ng5 Nxg5 47. Bxc5+
Kf7 48. Qd5+ Ne6 49. Qd7+ Kg8 50. Qxe6+ Kh7 51. Qd5 Qc3 52. Bd4 Bxd4 53. Qxd4
Qc1+ 54. Ke2 a5 55. Kf3 Qc2 56. h4 a4 57. Kg3 Qb3 58. Qd7+ Kh6 59. Qe8 Kh7 60.
Qf7+ Kh6 61. Qf8+ Kh7 62. c5 Qc4 63. Qe7+ Kg8 64. f3 a3 65. Qe8+ Kg7 66. Qe5+
Kf7 67. Qc7+ Kf6 68. Qd8+ Kf7 69. Qd7+ Kf6 70. Qd8+ Kf7 71. Qc7+ Kf6 72. Qb6+
Qe6 73. Qd8+ Qe7 74. Qh8+ Qg7 75. Qb8 Qe7 76. c6 a2 77. Qh8+ Kf7 78. Qc3 a1=Q
79. Qxa1 Qd6+ 80. Kh3 Qxc6 81. Qe5 Qc1 82. Kh2 Qe1 83. Qc7+ Ke6 84. Qg3 Qxe3 85.
Qxg6+ Ke7 86. Qxf5 Qh6 87. Qg5+ 1-0

[Event "DRUZYNOWE MISTRZOSTWA POLSKI 2014 - SYGNITY EKSTRALIGA"]
[Site "Gorzow Wlkp, Wroclaw, Katowice"]
[Date "2014-00-00"]
[Round "9.3"]
[White "Mulet, Piotr"]
[Black "Olszewski, Michal"]
[Result "0-1"]
[WhiteTitle "FM"]
[BlackTitle "GM"]
[WhiteElo "2227"]
[BlackElo "2549"]

1. e4 c5 2. c3 Nf6 3. e5 Nd5 4. d4 cxd4 5. cxd4 e6 6. Nc3 Nxc3 7. bxc3 Qc7 8. Bd2
d6 9. f4 Nd7 10. Bd3 Be7 11. Qg4 g6 12. h4 h5 13. Qe2 d5 14. Nf3 Nb6 15. Ng5 Bd7
16. g4 Nc4 17. gxh5 Rxh5 18. Kf2 O-O-O 19. Nxf7 Bxh4+ 20. Kg2 Rg8 21. Be1 Be7
22. Bg3 Qa5 23. Rac1 Qa3 24. Rhg1 Be8 25. Ng5 Rxg5 26. fxg5 Bxg5 27. Bxc4 Bxc1
28. Bb3 g5 29. Qg4 Qb2+ 30. Bf2 Rf8 31. Rf1 Bd7 32. Qh3 Qe2 33. Bd1 Rxf2+ 34.
Rxf2 Qxd1 35. Qh8+ Kc7 36. Qf8 Qg4+ 37. Kh1 Bc6 38. a4 Qe4+ 39. Kh2 Bf4+ 40. Kg1
Be3 0-1

[Event "DRUZYNOWE MISTRZOSTWA POLSKI 2014 - SYGNITY EKSTRALIGA"]
[Site "Gorzow Wlkp, Wroclaw, Katowice"]
[Date "2014-00-00"]
[Round "9.4"]
[White "Szelag, Marcin"]
[Black "Wiewiora, Eneasz"]
[Result "1-0"]
[WhiteTitle "IM"]
[BlackTitle "k"]
[WhiteElo "2456"]
[BlackElo "2218"]

1. e4 d6 2. d4 Nf6 3. Nc3 e5 4. Nf3 Nbd7 5. Bc4 Be7 6. O-O O-O 7. a4 c6 8. a5 Nxe4
9. Nxe4 d5 10. Nxe5 Nxe5 11. dxe5 dxc4 12. Nd6 Be6 13. Bf4 Qd7 14. Re1 Rad8 15.
Qe2 Bxd6 16. exd6 Rfe8 17. Qe3 Ra8 18. Qd4 Bd5 19. h3 h6 20. Bg3 Re6 21. Rxe6
Qxe6 22. Kh2 Qe2 23. Ra3 Qxc2 24. Re3 Rd8 25. Re7 Qf5 26. Qxa7 Qg5 27. Qxb7 f5
28. Qc7 Rf8 29. f4 Qf6 30. Re5 Rd8 31. d7 Kf7 32. a6 Be4 33. a7 c5 34. Qxc5 h5
35. Rxe4 fxe4 36. Qd5+ Qe6 37. Qxe6+ Kxe6 38. Bh4 1-0

[Event "DRUZYNOWE MISTRZOSTWA POLSKI 2014 - SYGNITY EKSTRALIGA"]
[Site "Gorzow Wlkp, Wroclaw, Katowice"]
[Date "2014-00-00"]
[Round "9.5"]
[White "Raszka, Janusz"]
[Black "Tomczak, Jacek"]
[Result "0-1"]
[WhiteTitle "k"]
[BlackTitle "GM"]
[WhiteElo "2101"]
[BlackElo "2560"]

1. e4 c6 2. d4 d5 3. Nd2 dxe4 4. Nxe4 Bf5 5. Ng3 Bg6 6. Nf3 Nd7 7. Bc4 e6 8. Bb3
Ngf6 9. Qe2 Qc7 10. Ne5 Nxe5 11. dxe5 Nd7 12. f4 Bb4+ 13. c3 Bc5 14. Ne4 O-O-O
15. Bc2 Bxe4 16. Bxe4 f6 17. exf6 Nxf6 18. Bc2 Nd5 19. g3 Qb6 20. Kf1 Be3 21.
Kg2 Bxc1 22. Raxc1 Qxb2 23. Qxe6+ Kb8 24. Qe5+ Ka8 25. Rhe1 Nf6 26. Kh1 Rde8 27.
Qf5 Rxe1+ 28. Rxe1 Qxc3 29. Re2 Qf3+ 30. Rg2 Ng4 0-1

[Event "DRUZYNOWE MISTRZOSTWA POLSKI 2014 - SYGNITY EKSTRALIGA"]
[Site "Gorzow Wlkp, Wroclaw, Katowice"]
[Date "2014-00-00"]
[Round "9.6"]
[White "Chlost, Marlena"]
[Black "Mareckova, Martina"]
[Result "1-0"]
[WhiteTitle "WFM"]
[BlackTitle "WFM"]
[WhiteElo "2188"]
[BlackElo "2097"]

1. e4 e5 2. Nf3 Nc6 3. Bb5 a6 4. Ba4 d6 5. Bxc6+ bxc6 6. d4 f6 7. Be3 Ne7 8. Nc3
Ng6 9. Qe2 Be6 10. h4 h5 11. dxe5 fxe5 12. Ng5 Bg8 13. g4 Qf6 14. gxh5 Nf4 15.
Qg4 Nxh5 16. O-O-O Be7 17. Ne2 Qg6 18. f4 Bxg5 19. hxg5 Qxe4 20. Rxh5 Qxe3+ 21.
Kb1 Rxh5 22. Qxh5+ Kd7 23. fxe5 Qxe5 24. Nd4 Re8 25. Qg4+ Be6 26. Nxe6 Qxe6 27.
Qd4 Qe5 28. Qg4+ Re6 29. b3 Qe2 30. Qd4 Qe5 31. Qg4 Qe4 32. Qh5 Qf5 33. Rg1 a5
34. a4 Re5 35. Qh8 Qf2 36. Qh3+ Ke7 37. Rc1 Qe3 38. Qc8 Qb6 39. Rf1 d5 40. Qf8+
Ke6 41. Qxg7 d4 42. Qf7+ Kd6 43. Rf6+ 1-0

[Event "DRUZYNOWE MISTRZOSTWA POLSKI 2014 - SYGNITY EKSTRALIGA"]
[Site "Gorzow Wlkp, Wroclaw, Katowice"]
[Date "2014-00-00"]
[Round "9.7"]
[White "Leniart, Arkadiusz"]
[Black "Maksimenko, Andrei"]
[Result "1-0"]
[WhiteTitle "IM"]
[BlackTitle "GM"]
[WhiteElo "2481"]
[BlackElo "2493"]

1. e4 c5 2. Nc3 d6 3. Nge2 Nf6 4. g3 e5 5. Bg2 Nc6 6. O-O Be7 7. d3 h5 8. Nd5 h4
9. Nxe7 Nxe7 10. Bg5 hxg3 11. fxg3 Nfg8 12. Nc3 f6 13. Be3 Nh6 14. Bf3 Bh3 15.
Bh5+ Kf8 16. Rf2 Qd7 17. Bxh6 Rxh6 18. g4 Rxh5 19. gxh5 Bg4 20. Qe1 Bxh5 21. Rg2
Qh3 22. Qg3 Qxg3 23. hxg3 Bf3 24. Rh2 Kf7 25. Kf2 Bg4 26. Rah1 a6 27. Rh8 Ng8
28. Nd5 Rc8 29. Ne3 Be6 30. g4 b5 31. Nf5 Bxf5 32. gxf5 a5 33. Rg1 Rc7 34. Rh7
Kf8 35. Ke3 Nh6 36. Rh8+ Ng8 37. c3 a4 38. b3 a3 39. Rb1 Kf7 40. b4 c4 41. Rd1
d5 42. dxc4 d4+ 43. cxd4 exd4+ 44. Rxd4 bxc4 45. Kd2 c3+ 46. Kc2 1-0

[Event "DRUZYNOWE MISTRZOSTWA POLSKI 2014 - SYGNITY EKSTRALIGA"]
[Site "Gorzow Wlkp, Wroclaw, Katowice"]
[Date "2014-00-00"]
[Round "9.8"]
[White "Heberla, Bartlomiej"]
[Black "Kuzmicz, Krystian"]
[Result "1/2-1/2"]
[WhiteTitle "GM"]
[BlackTitle "IM"]
[WhiteElo "2567"]
[BlackElo "2457"]

1. e4 e5 2. Nf3 Nf6 3. Nxe5 d6 4. Nc4 Nxe4 5. Qe2 Qe7 6. Ne3 c6 7. c4 g6 8. d3
Nf6 9. Nc3 Bg7 10. d4 O-O 11. g3 d5 12. cxd5 cxd5 13. Bg2 Nc6 14. O-O Be6 15.
Nc2 Qd7 16. Bf4 Rfe8 17. Qd2 Ne4 18. Nxe4 dxe4 19. Bxe4 Nxd4 20. Nxd4 Bxd4 21.
Rfe1 Rad8 22. Bg5 f6 23. Be3 Bxe3 24. Qxe3 b6 25. Qf3 Qf7 26. b3 Kg7 27. Rad1
Rxd1 28. Rxd1 Re7 29. Bd5 Rd7 30. Bxe6 Qxe6 31. Rxd7+ Qxd7 32. h4 h5 33. Qe3 Qd1+
34. Kh2 Qd7 35. a4 Qc7 36. b4 Qd7 37. b5 Kg8 38. Qe4 Kf7 39. Kg2 Qe6 40. Qb7+
Qe7 41. Qd5+ Qe6 42. Qb7+ Qe7 1/2-1/2

[Event "DRUZYNOWE MISTRZOSTWA POLSKI 2014 - SYGNITY EKSTRALIGA"]
[Site "Gorzow Wlkp, Wroclaw, Katowice"]
[Date "2014-00-00"]
[Round "9.9"]
[White "Shkapenko, Pavel"]
[Black "Bobras, Piotr"]
[Result "1/2-1/2"]
[WhiteTitle "IM"]
[BlackTitle "GM"]
[WhiteElo "2420"]
[BlackElo "2535"]

1. e4 c5 2. c3 d5 3. exd5 Qxd5 4. Nf3 Nc6 5. d4 Bf5 6. Be3 Nf6 7. Qb3 cxd4 8. Bc4
Na5 9. Bxd5 Nxb3 10. Bxb3 dxe3 11. fxe3 e6 12. Ba4+ Ke7 13. Nbd2 g6 14. h3 h5
15. O-O-O Bh6 16. Rhe1 Rhd8 17. Bc2 Bxc2 18. Kxc2 Nd5 19. Nf1 Rac8 20. a3 b5 21.
g3 a6 22. e4 Nb6 23. Rxd8 Rxd8 24. Rd1 Rc8 25. N1d2 Bg7 26. e5 Nd7 27. Re1 Rc5
28. b4 Rc7 29. Kb3 Nb6 30. Re4 Rd7 31. Kc2 Rd5 32. Re2 Ke8 33. Re4 Ke7 34. Re2
Ke8 35. Re4 Ke7 36. Re2 1/2-1/2

[Event "DRUZYNOWE MISTRZOSTWA POLSKI 2014 - SYGNITY EKSTRALIGA"]
[Site "Gorzow Wlkp, Wroclaw, Katowice"]
[Date "2014-00-00"]
[Round "9.11"]
[White "Kos, Pawel"]
[Black "Grabarczyk, Miroslaw"]
[Result "1/2-1/2"]
[WhiteTitle "k"]
[BlackTitle "GM"]
[WhiteElo "2241"]
[BlackElo "2480"]

1. Nf3 d5 2. g3 Nf6 3. Bg2 c6 4. O-O Bg4 5. d3 Nbd7 6. c4 Bxf3 7. exf3 e6 8. Nc3
Bd6 9. f4 O-O 10. f5 d4 11. fxe6 dxc3 12. exd7 cxb2 13. Bxb2 Nxd7 14. d4 Qc7 15.
Rb1 Rad8 16. Qf3 Be7 17. Rfd1 Rfe8 18. Bc1 Nf8 19. d5 cxd5 20. cxd5 b6 21. Bf1
Ng6 22. Bb2 Ne5 23. Qf5 Bd6 24. Rbc1 Qd7 25. Qxd7 Nxd7 26. Bb5 Re7 27. Rc6 Ne5
28. Rxd6 Rxd6 29. Ba3 Red7 30. Rc1 f5 31. Bxd7 Rxd7 32. d6 Kf7 33. Kg2 g6 34.
Rc8 Ng4 35. f3 Nf6 36. Kf2 Ne8 37. Ke3 Nxd6 38. Bxd6 Rxd6 39. Rc7+ Kf6 40. Rxa7
h5 41. h4 1/2-1/2

[Event "DRUZYNOWE MISTRZOSTWA POLSKI 2014 - SYGNITY EKSTRALIGA"]
[Site "Gorzow Wlkp, Wroclaw, Katowice"]
[Date "2014-00-00"]
[Round "9.12"]
[White "Jaracz, Barbara"]
[Black "Gasik, Anna"]
[Result "1-0"]
[WhiteTitle "WGM"]
[BlackTitle "WIM"]
[WhiteElo "2253"]
[BlackElo "2233"]

1. e4 e6 2. d4 d5 3. Nd2 c5 4. exd5 Qxd5 5. Ngf3 cxd4 6. Bc4 Qd8 7. Nb3 Nc6 8.
Nbxd4 Nxd4 9. Qxd4 Qxd4 10. Nxd4 a6 11. Be2 e5 12. Nb3 Bf5 13. Bf3 O-O-O 14. Be3
Nf6 15. O-O Bd6 16. Rfd1 e4 17. Be2 Bg4 18. Re1 Bxe2 19. Rxe2 Ng4 20. Bb6 Bxh2+
21. Kf1 Rde8 22. g3 h5 23. Nd4 Re5 24. Rae1 Rh6 25. Ba7 Rf6 26. Kg2 b6 27. f3
exf3+ 28. Nxf3 Rxe2+ 29. Rxe2 Bxg3 30. Kxg3 Nh6 31. Nd4 g5 32. Re8+ Kd7 33. Rb8
Rf4 34. Bxb6 h4+ 35. Kg2 Rg4+ 36. Kf2 h3 37. Rh8 Rh4 38. Kg1 g4 39. Ne2 Nf5 40.
Rxh4 Nxh4 41. Kh2 f5 42. Bf2 Ng2 43. Ng1 Ke6 44. Nxh3 gxh3 45. Kxh3 Nf4+ 46. Kg3
Ng6 47. Kf3 Kd5 48. b3 Ke5 49. c4 f4 50. b4 Nf8 51. b5 axb5 52. cxb5 Nd7 53. a4
Kd6 54. a5 Nb8 55. Kxf4 Kc7 56. Ke4 Kb7 57. Kd5 Na6 58. Bg3 Nb4+ 59. Kc4 Na6 60.
Bd6 Ka7 61. b6+ Kb7 62. Kb5 Ka8 63. Kc6 1-0

[Event "DRUZYNOWE MISTRZOSTWA POLSKI 2014 - SYGNITY EKSTRALIGA"]
[Site "Gorzow Wlkp, Wroclaw, Katowice"]
[Date "2014-00-00"]
[Round "9.13"]
[White "Swiercz, Dariusz"]
[Black "Areshchenko, Alexander"]
[Result "1/2-1/2"]
[WhiteTitle "GM"]
[BlackTitle "GM"]
[WhiteElo "2614"]
[BlackElo "2654"]

1. e4 c5 2. Nf3 d6 3. d4 cxd4 4. Nxd4 Nf6 5. Nc3 a6 6. Bg5 e6 7. f4 Qb6 8. Qd2
Qxb2 9. Rb1 Qa3 10. e5 h6 11. Bh4 dxe5 12. fxe5 g5 13. exf6 gxh4 14. Be2 Qa5 15.
O-O Nd7 16. Kh1 Qg5 17. Qe1 h3 18. gxh3 Qe5 19. Qf2 Qc7 20. Qe3 Qe5 21. Qf2 Qc7
22. Qe3 Qe5 23. Qg1 Nxf6 24. Rbe1 Qg5 25. Qxg5 hxg5 26. Rxf6 Bg7 27. Ne4 Ke7 28.
Ref1 Bxf6 29. Rxf6 Bd7 30. Kg2 Rac8 31. Kg3 Bc6 32. Nxc6+ Rxc6 33. Bd3 Rb6 34.
Rf1 Rb4 35. Re1 Rg8 36. Nc3 Rd4 37. Ne4 Ra4 38. Nc3 Rd4 39. Ne4 Ra4 40. Nc3 Rd4
1/2-1/2

[Event "DRUZYNOWE MISTRZOSTWA POLSKI 2014 - SYGNITY EKSTRALIGA"]
[Site "Gorzow Wlkp, Wroclaw, Katowice"]
[Date "2014-00-00"]
[Round "9.14"]
[White "Gajewski, Grzegorz"]
[Black "Bartel, Mateusz"]
[Result "1/2-1/2"]
[WhiteTitle "GM"]
[BlackTitle "GM"]
[WhiteElo "2643"]
[BlackElo "2652"]

1. c4 e5 2. Nc3 d6 3. g3 f5 4. d4 Nf6 5. dxe5 dxe5 6. Qxd8+ Kxd8 7. Bg5 c6 8. O-O-O
Kc7 9. Nf3 h6 10. Bxf6 gxf6 11. Bh3 Bb4 12. Kc2 Be6 13. b3 Na6 14. Nh4 Nc5 15.
f3 f4 16. Bxe6 Nxe6 17. Nf5 h5 18. Ne4 Ng5 19. gxf4 Nxe4 20. fxe4 exf4 21. Rhg1
Rag8 22. Ng7 Kc8 23. Nf5 Bc5 24. Rg7 Rxg7 25. Nxg7 h4 26. h3 b6 27. Nf5 Re8 28.
Rf1 Rxe4 29. Kd3 Re8 30. Rxf4 Rd8+ 31. Kc2 Kd7 32. Re4 Rg8 33. Rxh4 Ke6 34. Nd4+
Bxd4 35. Rxd4 Rh8 36. Rd3 a5 37. Kc3 Rh4 38. Kd2 a4 39. Ke1 axb3 40. axb3 Rh5
41. Kf2 b5 42. cxb5 cxb5 43. Kg3 Rg5+ 44. Kf4 Rf5+ 45. Ke4 Rh5 46. Kd4 Rd5+ 47.
Kc3 Re5 48. Kd2 Rh5 49. Re3+ Kd5 50. Rd3+ Ke5 51. Kc2 Rh4 52. Rd8 f5 53. Rb8 b4
54. Rb5+ Kf6 55. Kd2 Rd4+ 56. Ke3 Rh4 57. Kf2 Rf4+ 58. Kg3 Re4 59. Kf2 Rf4+ 60.
Ke1 Rh4 61. Rb8 Kg6 62. Rb6+ Kg5 63. Kf2 Rf4+ 64. Kg3 Re4 65. Kf3 Rh4 66. Kg2
Re4 67. Kf2 Rf4+ 68. Ke1 Rh4 69. Kd1 Rd4+ 70. Kc2 Rh4 71. e3 Rxh3 72. Kd2 f4 73.
exf4+ Kxf4 74. Rxb4+ Ke5 75. Kc2 Kd5 76. Rc4 Rh8 77. Kc3 Ra8 78. Kb2 Rh8 79. Rc3
Rb8 80. Kc2 Kd6 81. Rc4 Kd5 82. Kc3 Ra8 83. Rc7 Kd6 84. Rh7 Kc6 85. b4 Rg8 86.
Kb3 Kb6 87. Rh6+ Kb5 88. Rh5+ 1/2-1/2

[Event "DRUZYNOWE MISTRZOSTWA POLSKI 2014 - SYGNITY EKSTRALIGA"]
[Site "Gorzow Wlkp, Wroclaw, Katowice"]
[Date "2014-00-00"]
[Round "9.15"]
[White "Mastrovasilis, Dimitrios"]
[Black "Socko, Bartosz"]
[Result "1/2-1/2"]
[WhiteTitle "GM"]
[BlackTitle "GM"]
[WhiteElo "2605"]
[BlackElo "2611"]

1. e4 e5 2. Nf3 Nc6 3. Nc3 Nf6 4. d4 exd4 5. Nxd4 Bb4 6. Nxc6 bxc6 7. Bd3 d5 8.
exd5 Qe7+ 9. Qe2 cxd5 10. Qxe7+ Kxe7 11. O-O c6 12. Ne2 Be6 13. Nd4 Kd7 14. h3
Rhe8 15. Be3 Bd6 16. Rfd1 Reb8 17. b3 c5 18. Nxe6 fxe6 19. Re1 h6 20. Rad1 Ke7
21. Bg6 a5 22. Bc1 Rb6 23. f4 a4 24. g4 axb3 25. axb3 Ra2 26. g5 hxg5 27. fxg5
Ne4 28. Bxe4 dxe4 29. Re2 Rb4 30. Kf2 c4 31. bxc4 Rxc4 32. Be3 Rcxc2 33. Rdd2
Rxd2 34. Rxd2 Ra1 35. Rb2 Be5 36. Rb7+ Kd6 37. Rb6+ Kd7 38. Rb7+ Kc8 39. Rb4 Ra2+
40. Kf1 Ra1+ 41. Kf2 Ra2+ 42. Kf1 Ra1+ 43. Kf2 1/2-1/2

[Event "DRUZYNOWE MISTRZOSTWA POLSKI 2014 - SYGNITY EKSTRALIGA"]
[Site "Gorzow Wlkp, Wroclaw, Katowice"]
[Date "2014-00-00"]
[Round "9.16"]
[White "Miton, Kamil"]
[Black "Moranda, Wojciech"]
[Result "1-0"]
[WhiteTitle "GM"]
[BlackTitle "GM"]
[WhiteElo "2593"]
[BlackElo "2593"]

1. d4 d6 2. Nf3 Nf6 3. c4 g6 4. Nc3 Bg7 5. e4 O-O 6. Be2 c6 7. O-O Bg4 8. Be3 Nbd7
9. Nd2 Bxe2 10. Qxe2 e5 11. d5 c5 12. a3 Ne8 13. b4 b6 14. bxc5 Nxc5 15. a4 a5
16. Bxc5 bxc5 17. Rab1 Nc7 18. Rb7 Na6 19. Nb5 Re8 20. Na7 Nb4 21. Qf3 Re7 22.
Nc6 Rxb7 23. Nxd8 Rxd8 24. Rb1 Ra8 25. h4 Rab8 26. Qh3 Bh6 27. Nf3 Kg7 28. Ng5
Rh8 29. Rb3 Rf8 30. Qg4 Rh8 31. f4 exf4 32. Qxf4 Rd8 33. e5 dxe5 34. Qxe5+ Kg8
35. Ne4 Bg7 36. Nf6+ Kh8 37. h5 h6 38. hxg6 fxg6 39. Rg3 Rf8 40. Rxg6 Nd3 41.
Qh5 1-0

[Event "DRUZYNOWE MISTRZOSTWA POLSKI 2014 - SYGNITY EKSTRALIGA"]
[Site "Gorzow Wlkp, Wroclaw, Katowice"]
[Date "2014-00-00"]
[Round "9.17"]
[White "Sadzikowski, Daniel"]
[Black "Bulski, Krzysztof"]
[Result "1-0"]
[WhiteTitle "IM"]
[BlackTitle "GM"]
[WhiteElo "2496"]
[BlackElo "2520"]

1. c4 Nf6 2. Nc3 e6 3. Nf3 d5 4. d4 c6 5. Bg5 h6 6. Bxf6 Qxf6 7. Qc2 dxc4 8. e3
Nd7 9. Bxc4 Bb4 10. O-O O-O 11. Rac1 Qe7 12. a3 Bd6 13. Ne4 Bb8 14. Ba2 e5 15.
d5 cxd5 16. Nc3 Nf6 17. Nxd5 Nxd5 18. Bxd5 Bd6 19. Rfd1 Rb8 20. Qg6 Rd8 21. e4
Be6 22. Bxe6 fxe6 23. Rd2 Bc7 24. Rxd8+ Rxd8 25. g3 Rf8 26. Kg2 Bb6 27. Nxe5 Rxf2+
28. Kh3 Rf8 29. Rd1 Rd8 30. Rf1 Rf8 31. Rxf8+ Kxf8 32. Qg4 Kg8 33. Nd3 Qf6 34.
Kg2 Bd4 35. b3 Bb6 36. a4 Kh7 37. Nf4 e5 38. Nd3 Qd6 39. Qf5+ g6 40. Qf7+ Kh8
41. Qe8+ Kg7 42. Nxe5 Qf6 43. Qd7+ Kg8 44. Qc8+ 1-0

[Event "DRUZYNOWE MISTRZOSTWA POLSKI 2014 - SYGNITY EKSTRALIGA"]
[Site "Gorzow Wlkp, Wroclaw, Katowice"]
[Date "2014-00-00"]
[Round "9.18"]
[White "Socko, Monika"]
[Black "Zawadzka, Jolanta"]
[Result "1-0"]
[WhiteTitle "GM"]
[BlackTitle "WGM"]
[WhiteElo "2460"]
[BlackElo "2414"]

1. d4 d5 2. c4 e6 3. Nf3 Nf6 4. Nc3 Bb4 5. Qa4+ Nc6 6. Ne5 Bd7 7. Nxd7 Qxd7 8.
e3 a6 9. a3 Bxc3+ 10. bxc3 O-O 11. Qc2 b5 12. cxd5 exd5 13. Bd3 Rfe8 14. O-O Na5
15. a4 Qc6 16. f3 Nc4 17. Re1 Nd6 18. Bd2 g6 19. Re2 Re6 20. axb5 axb5 21. Rxa8+
Qxa8 22. Be1 Nh5 23. g4 Nf6 24. Bg3 Qe8 25. Bf4 Nc4 26. Kf2 Qe7 27. Qa2 g5 28.
Qa8+ Kg7 29. Bg3 Nxe3 30. Be5 Nc4 31. Bxc4 dxc4 32. f4 Rxe5 33. fxe5 Nxg4+ 34.
Kg3 h5 35. Qf3 Qa3 36. h3 Nh6 37. Kg2 g4 38. hxg4 hxg4 39. Qe3 Qa8+ 40. Kg1 Qa1+
41. Re1 Qa6 42. d5 Kg6 43. Qe4+ Kg5 44. Rf1 Qb6+ 45. Kg2 Qc5 46. Rf6 Kh5 47. e6
Qd6 48. Rxh6+ Kxh6 49. e7 1-0

[Event "DRUZYNOWE MISTRZOSTWA POLSKI 2014 - SYGNITY EKSTRALIGA"]
[Site "Gorzow Wlkp, Wroclaw, Katowice"]
[Date "2014-00-00"]
[Round "9.19"]
[White "Mazurkiewicz, Michal"]
[Black "Klekowski, Maciej"]
[Result "1/2-1/2"]
[WhiteTitle "k"]
[BlackTitle "m"]
[WhiteElo "2222"]
[BlackElo "2425"]

1. e4 c5 2. Nf3 e6 3. d3 Nc6 4. g3 d5 5. Nbd2 Nge7 6. Bg2 g6 7. O-O Bg7 8. Re1
O-O 9. e5 h6 10. h4 Nf5 11. c3 Rb8 12. a4 b5 13. h5 gxh5 14. axb5 Rxb5 15. Bh3
Nfe7 16. d4 cxd4 17. Nxd4 Nxd4 18. cxd4 Nc6 19. Qxh5 Nxd4 20. Ra4 Qb6 21. Rxd4
Qxd4 22. Nf3 Qb4 23. Bxh6 Bxh6 24. Qxh6 Qe7 25. Rc1 Rb8 26. Rc7 Qxc7 27. Qg5+
Kh8 28. Qh6+ Kg8 29. Qg5+ Kh8 30. Qh6+ Kg8 31. Qg5+ Kh8 1/2-1/2

[Event "DRUZYNOWE MISTRZOSTWA POLSKI 2014 - SYGNITY EKSTRALIGA"]
[Site "Gorzow Wlkp, Wroclaw, Katowice"]
[Date "2014-00-00"]
[Round "9.21"]
[White "Weichhold, Pawel"]
[Black "Mikrut, Dariusz"]
[Result "1-0"]
[WhiteTitle "m"]
[BlackTitle "IM"]
[WhiteElo "2394"]
[BlackElo "2363"]

1. e4 c5 2. Nf3 d6 3. d4 cxd4 4. Nxd4 Nf6 5. Nc3 a6 6. Bg5 e6 7. f4 h6 8. Bh4 Qb6
9. a3 Be7 10. Bf2 Qc7 11. Qf3 Nbd7 12. O-O-O Nc5 13. Kb1 Bd7 14. Bd3 Nxd3 15.
Rxd3 Bc6 16. Re1 O-O 17. g4 d5 18. e5 Ne4 19. f5 exf5 20. gxf5 Qxe5 21. Nxe4 dxe4
22. Nxc6 bxc6 23. Rxe4 Qc7 24. Bd4 f6 25. Qh5 Bd6 26. Rg4 Bf4 27. Bb6 Qb7 28.
Rxf4 Qxb6 29. Rg4 Ra7 30. Qxh6 Rb7 31. Rb3 Qd8 32. Rd3 Qe7 33. Rh3 Rxb2+ 34. Kxb2
Rb8+ 35. Ka2 1-0

[Event "DRUZYNOWE MISTRZOSTWA POLSKI 2014 - SYGNITY EKSTRALIGA"]
[Site "Gorzow Wlkp, Wroclaw, Katowice"]
[Date "2014-00-00"]
[Round "9.22"]
[White "Brzeski, Maciej"]
[Black "Brodowski, Piotr"]
[Result "1/2-1/2"]
[WhiteTitle "m"]
[BlackTitle "m"]
[WhiteElo "2333"]
[BlackElo "2428"]

1. e4 g6 2. d4 Bg7 3. Nf3 d6 4. Nc3 c6 5. Be3 b5 6. Bd3 Nd7 7. O-O a6 8. a4 b4
9. Nb1 Ngf6 10. h3 O-O 11. c3 a5 12. Nbd2 c5 13. Qc2 Bb7 14. Rad1 Rc8 15. d5 e6
16. Nc4 Qc7 17. dxe6 fxe6 18. Ng5 Rce8 19. Bf4 Ne5 20. Be2 Nxe4 21. Bxe5 Nxg5
22. Bxd6 Qc6 23. f3 bxc3 24. Nxa5 Qb6 25. Nxb7 c4+ 26. Bc5 Qxb7 27. Bxf8 Rxf8
28. bxc3 Qc7 29. h4 Nh3+ 30. Kh1 Qg3 31. Bxc4 Ng5 32. Qf2 Ne4 33. Bxe6+ Kh8 34.
Qxg3 Nxg3+ 35. Kh2 Nxf1+ 36. Rxf1 Bxc3 37. f4 Re8 38. Bd5 Re2 39. Kh3 Re3+ 40.
Bf3 Be1 41. Kg4 h5+ 42. Kg5 Kg7 43. Rxe1 Rxe1 44. f5 Re5 45. g4 Ra5 46. Bd1 Rd5
47. Bf3 Ra5 1/2-1/2

[Event "DRUZYNOWE MISTRZOSTWA POLSKI 2014 - SYGNITY EKSTRALIGA"]
[Site "Gorzow Wlkp, Wroclaw, Katowice"]
[Date "2014-00-00"]
[Round "9.23"]
[White "Czakon, Jakub"]
[Black "Barski, Radoslaw"]
[Result "1-0"]
[WhiteTitle "IM"]
[BlackTitle "k++"]
[WhiteElo "2472"]
[BlackElo "2263"]

1. e4 c5 2. Nf3 e6 3. d4 cxd4 4. Nxd4 Nc6 5. Nb5 d6 6. c4 a6 7. N5c3 Nf6 8. g3
Be7 9. Bg2 O-O 10. O-O Rb8 11. Na3 Bd7 12. Bf4 e5 13. Be3 Be6 14. Rc1 Ng4 15.
Bd2 Nd4 16. Nd5 b5 17. cxb5 axb5 18. Bb4 Bxd5 19. exd5 Nh6 20. Nc2 Nxc2 21. Qxc2
Bg5 22. f4 exf4 23. gxf4 Bf6 24. Bh3 Re8 25. Kg2 Bd4 26. Rce1 Qf6 27. b3 g6 28.
Qd3 Rxe1 29. Bxe1 b4 30. Qe4 Bc5 31. f5 Ra8 32. Kh1 Nxf5 33. Bxf5 gxf5 34. Qf4
Qg6 35. Bxb4 Rxa2 36. Qf3 Bxb4 37. Rg1 Bc5 38. Rxg6+ hxg6 39. Qc3 f4 40. b4 Be3
41. Qf6 Rf2 42. Qd8+ Kg7 43. Qxd6 Bd4 44. h4 f3 45. Qf4 Rf1+ 46. Kh2 Bg1+ 47.
Kg3 f2 48. Qe5+ Kh7 49. Qf6 Kg8 50. h5 Rd1 51. h6 f1=N+ 52. Kh3 Bd4 53. h7+ Kxh7
54. Qxf7+ Bg7 55. b5 Rd3+ 56. Kh4 Ne3 57. b6 Nf5+ 58. Kg5 Rg3+ 59. Kf4 Rb3 60.
Qc7 Rb4+ 61. Kf3 Nh4+ 62. Ke2 Rb2+ 63. Kd1 Nf5 64. b7 Kh6 65. b8=Q Rxb8 66. Qxb8
Bf6 67. Qh2+ Kg7 68. Qc7+ Kh6 69. d6 Be5 70. Qc1+ 1-0

[Event "DRUZYNOWE MISTRZOSTWA POLSKI 2014 - SYGNITY EKSTRALIGA"]
[Site "Gorzow Wlkp, Wroclaw, Katowice"]
[Date "2014-00-00"]
[Round "9.24"]
[White "Kulon, Klaudia"]
[Black "Przezdziecka, Ewa"]
[Result "1-0"]
[WhiteTitle "WIM"]
[BlackTitle "WFM"]
[WhiteElo "2378"]
[BlackElo "2165"]

1. c4 Nf6 2. g3 e6 3. Bg2 d5 4. b3 c5 5. Bb2 d4 6. f4 Bd6 7. e4 e5 8. Qf3 Nc6 9.
h3 Nb4 10. Kd1 a5 11. a3 Nc6 12. a4 Bd7 13. Na3 Nb4 14. Ne2 Bc6 15. d3 Nd7 16.
Nb5 Bxb5 17. cxb5 Qe7 18. Ba3 f6 19. Kc1 O-O-O 20. h4 h5 21. Kb2 Kb8 22. Rac1
g5 23. hxg5 fxg5 24. Bxb4 g4 25. Qf2 cxb4 26. fxe5 Bxe5 27. Nf4 Bxf4 28. gxf4
Nc5 29. Rhd1 b6 30. Rc4 Rhf8 31. f5 Qe5 32. Qh4 Rh8 33. Ka2 Rd6 34. Rc2 Rf6 35.
Qg5 Rhh6 36. Qg7 Qc7 37. Qg8+ Qc8 38. Qg5 Qc7 39. e5 Qxe5 40. Qg7 Qc7 41. Qg8+
Qc8 42. Qd5 Rd6 43. Qa8+ Kc7 44. Rxc5+ bxc5 45. Qxa5+ Kb8 46. Rc1 Qxf5 47. Be4
Qg5 48. b6 Qd2+ 49. Kb1 Qxc1+ 50. Kxc1 Rxb6 51. Qxc5 h4 52. Qf8+ Kc7 53. Qg7+
Kd8 54. Qxg4 h3 55. Qg8+ Ke7 56. Qg7+ Ke8 57. Qxd4 h2 58. Kd2 Rbf6 59. Qxb4 Rf2+
60. Ke3 Rf1 61. Qb8+ Ke7 62. Qb7+ Kf8 63. Bh1 Rh3+ 64. Kd2 Rh6 65. a5 Rhf6 66.
a6 R6f2+ 67. Ke3 Rf7 68. Qb8+ Kg7 69. Qxh2 1-0